Statistics for First 20 Elements - no hint - has order

Click here to take the quiz!

General Stats

  • This quiz has been taken 152 times
  • The average score is 13 of 20

Answer Stats

Answer% Correct
helium
100%
hydrogen
100%
lithium
96%
beryllium
81%
boron
78%
carbon
74%
nitrogen
67%
oxygen
67%
fluorine
63%
neon
63%
sodium
63%
chlorine
59%
silicon
59%
aluminum
56%
argon
56%
magnesium
56%
phosphorus
56%
potassium
52%
sulfur
52%
calcium
48%

Score Distribution

Percentile by Number Answered

Percent of People with Each Score

Your Score History

You have not taken this quiz